000 01044nam0a22002651 4500
001 rc\3636467
005 20250610053617.0
021 _aRU
_bРг4762-75
021 _aRU
_b75-19540
035 _a(NLR Aleph) 007726307
090 _a7006683
_c7006683
100 _a20130115d1974 |||y0rusy50 ca
101 0 _arus
102 _aRU
105 _ay z |||||
200 1 _aМетодические рекомендации по созданию единой системы морального поощрения рабочих, колхозников, инженерно-технических работников и служащих
_fВЦСПС. Сум. обл. совет профсоюзов
210 _aСумы
_cБ. и.
_d1974
215 _a15 с.
_d20
712 0 2 _4570
_aСумский областной совет профессиональных союзов
_9770604
_3RU\NLR\AUTH\880552159
801 0 _aRU
_bNLR
_gpsbo
801 1 _aRU
_bELAR
_2rusmarc
852 _aNLR
_j74-4/38482
942 _cBOOK
980 _aNB